Halifax house price index national index (Record no. 105958)
[ view plain ]
| 000 -LEADER | |
|---|---|
| fixed length control field | 01227cam a2200217 4500 |
| 001 - CONTROL NUMBER | |
| control field | ##L135230 |
| 008 - FIXED-LENGTH DATA ELEMENTS--GENERAL INFORMATION | |
| fixed length control field | 061005n2006 000 0 eng u |
| 035 ## - SYSTEM CONTROL NUMBER | |
| System control number | (Sirsi) u135230 |
| 041 0# - LANGUAGE CODE | |
| Language code of text/sound track or separate title | eng |
| 050 04 - LIBRARY OF CONGRESS CALL NUMBER | |
| Classification number | 333.33 $2 18 |
| 110 2# - MAIN ENTRY--CORPORATE NAME | |
| Corporate name or jurisdiction name as entry element | HBOS plc |
| 9 (RLIN) | 4703 |
| 245 ## - TITLE STATEMENT | |
| Title | Halifax house price index national index |
| Remainder of title | August 2006 |
| 260 ## - PUBLICATION, DISTRIBUTION, ETC. | |
| Place of publication, distribution, etc. | London |
| Name of publisher, distributor, etc. | HBOS |
| Date of publication, distribution, etc. | 2006 |
| 490 #0 - SERIES STATEMENT | |
| Series statement | Halifax House Price Index |
| Volume/sequential designation | August 2006 |
| 520 ## - SUMMARY, ETC. | |
| Summary, etc. | House prices rose by 1% in August. There are signs that house price growth is continuing to moderate. The increase in house prices over the three months from May to August is only 0.2% compared to 2.9% in the preceding three months. The annual growth rate eased to 8.2% from 9.4% in June, a pattern likely to continue over the comings months. The annual rate is expected to ease by the end of 2006. Housing market activity is firm. The standardised average house price (seasonally adjusted) stands at £179 043. |
| 650 24 - SUBJECT ADDED ENTRY--TOPICAL TERM | |
| Topical term or geographic name entry element | HALIFAX HOUSE PRICE INDEX |
| 650 24 - SUBJECT ADDED ENTRY--TOPICAL TERM | |
| Topical term or geographic name entry element | UNITED KINGDOM |
| 690 ## - LOCAL SUBJECT ADDED ENTRY--TOPICAL TERM (OCLC, RLIN) | |
| Topical term or geographic name as entry element | PROPERTY-RESIDENTIAL PROPERTY-RESIDENTIAL PROPERTY MARKET |
| 856 40 - ELECTRONIC LOCATION AND ACCESS | |
| Uniform Resource Identifier | <a href="https://www.hbosplc.com/economy/housingresearch.asp">https://www.hbosplc.com/economy/housingresearch.asp</a> |
| Public note | View the national index free of charge at www.hbosplc.com... |
| 942 ## - ADDED ENTRY ELEMENTS (KOHA) | |
| Suppress in OPAC | 0 |
| Withdrawn status | Lost status | Source of classification or shelving scheme | Damaged status | Not for loan | Home library | Current library | Shelving location | Date acquired | Total Checkouts | Full call number | Barcode | Date last seen | Copy number | Price effective from | Koha item type |
|---|---|---|---|---|---|---|---|---|---|---|---|---|---|---|---|
| Dewey Decimal Classification | Virtual | Virtual | Online | 05/10/2006 | ONLINE PUBLICATION | 135230-2001 | 06/08/2019 | 1 | 06/08/2019 | Book |